10 Words, 20 Definitions XXI Quiz Stats

 Plays Quiz Updated Aug 13, 2019

Score 0/20 Timer 03:00
4 Plays Today
% Correct
Blanket
93%
Cure
92.1%
Junk
92.1%
Spell
91.6%
Tank
91.2%
Seat
90.4%
Spell
88.7%
Wear
88%
Stand
86%
Force
85.2%
% Correct
Stand
84.7%
Car
82.1%
Car
80.7%
Cure
77.3%
Tank
73%
Junk
69.1%
Blanket
67.7%
Seat
66.6%
Force
65.3%
Wear
48.8%

You're not logged in!

Compare scores with friends on all Sporcle quizzes.
OR
Log In

Sporcle TV

Today on Sporcle TV


Watch our educational content, quiz creation guides, and fun videos on Sporcle TV.

Show Comments

Extras

Top Quizzes Today


Score Distribution

Your Account Isn't Verified!

In order to create a playlist on Sporcle, you need to verify the email address you used during registration. Go to your Sporcle Settings to finish the process.

Report this User

Report this user for behavior that violates our Community Guidelines.

Details: